[Event "North American Open"]
[Site "Las Vegas, NV"]
[Date "2013.12.30"]
[Round "9.12"]
[White "Shen, Arthur"]
[Black "Ibarra, Luis"]
[Result "1-0"]
[WhiteElo "2319"]
[BlackElo "2489"]
[PlyCount "69"]
[EventDate "2013.12.??"]
[EventType "swiss"]
[EventRounds "9"]
[EventCountry "USA"]
[Source "MonRoi"]

1. e4 e5 2. Nf3 Nc6 3. d4 exd4 4. Nxd4 Bb4+ 5. c3 Bc5 6. Nxc6 bxc6 7. Bd3 Ne7
8. Qh5 d6 9. Bg5 O-O 10. Nd2 f6 11. Bh4 Be6 12. e5 g6 13. Qe2 fxe5 14. Ne4 Bb6
15. Nf6+ Kg7 16. Nxh7 Bxf2+ 17. Bxf2 Kxh7 18. h4 Bf5 19. h5 g5 20. O-O-O Kh6
21. Rdf1 Qd7 22. Be3 Bxd3 23. Bxg5+ Kxg5 24. Qe3+ Rf4 25. g3 Bxf1 26. gxf4+
exf4 27. Rg1+ Kf6 28. Qd4+ Kf7 29. Qg7+ Ke8 30. Qh8+ Kf7 31. Rg7+ Ke6 32. Qxa8
Bd3 33. Qf8 Kd5 34. Rxe7 Qg4 35. Qg7 1-0

[Event "North American Open"]
[Site "Las Vegas, NV"]
[Date "2013.12.30"]
[Round "9.14"]
[White "Yuan, Yuanling"]
[Black "Young, Gregory"]
[Result "0-1"]
[WhiteElo "2210"]
[BlackElo "2367"]
[PlyCount "106"]
[EventDate "2013.12.??"]
[EventType "swiss"]
[EventRounds "9"]
[EventCountry "USA"]
[Source "MonRoi"]

1. e4 c5 2. Nf3 Nc6 3. d4 cxd4 4. Nxd4 g6 5. c4 Nf6 6. Nc3 d6 7. Be2 Nxd4 8.
Qxd4 Bg7 9. Be3 O-O 10. Qd2 a5 11. f3 a4 12. O-O Qa5 13. Rfd1 Be6 14. Rac1 Rfc8
15. Nb5 Qxd2 16. Rxd2 Nd7 17. Kf2 Nc5 18. Bd4 Bd7 19. Bxg7 Kxg7 20. Nd4 b5 21.
b4 axb3 22. Nxb3 Nxb3 23. axb3 Be6 24. Rdd1 bxc4 25. bxc4 Rc5 26. Rc3 Ra2 27.
Ke3 Rb2 28. Ra1 Rb4 29. Rac1 Rh5 30. Rh1 Rb2 31. h3 Ra5 32. Rhc1 Rc5 33. R1c2
Rb1 34. Rc1 Rb4 35. Kd4 g5 36. g4 h5 37. Ra3 Rb2 38. Ke3 h4 39. Rac3 Kf6 40.
R3c2 Rb3+ 41. Rc3 Bxc4 42. Rxb3 Bxb3 43. Rb1 Bc4 44. Bd1 Ra5 45. Rc1 Ra3+ 46.
Kf2 Ra2+ 47. Ke3 Bf1 48. Bb3 Re2+ 49. Kd4 Bxh3 50. Bc4 Rb2 51. Ke3 Bg2 52. Be2
h3 53. Kf2 Rxe2+ 0-1

[Event "North American Open"]
[Site "Las Vegas, NV"]
[Date "2013.12.30"]
[Round "9.15"]
[White "Yankovsky, Roman"]
[Black "Gurevich, Daniel"]
[Result "1-0"]
[WhiteElo "2425"]
[BlackElo "2272"]
[PlyCount "65"]
[EventDate "2013.12.??"]
[EventType "swiss"]
[EventRounds "9"]
[EventCountry "USA"]
[Source "MonRoi"]

1. e4 c5 2. Nf3 g6 3. h4 Nf6 4. e5 Ng4 5. b4 cxb4 6. h5 Bg7 7. d4 O-O 8. Ng5 d5
9. Be2 f5 10. exf6 Nxf6 11. hxg6 hxg6 12. Be3 Nc6 13. Nd2 Qd6 14. f4 Bf5 15. g4
Nxg4 16. Bxg4 Nxd4 17. Rc1 Rac8 18. Nb3 Nxc2+ 19. Rxc2 Bxc2 20. Qf3 Bf5 21. Qh3
Rf6 22. Bxf5 gxf5 23. Qh7+ Kf8 24. Nd4 Rc3 25. Nxf5 Rxe3+ 26. Kd2 Rd3+ 27. Kxd3
Qa6+ 28. Ke3 d4+ 29. Kf2 Qxa2+ 30. Kg3 Qg8 31. Re1 e6 32. Rc1 Qxh7 33. Rc8# 1-0

[Event "North American Open"]
[Site "Las Vegas, NV"]
[Date "2013.12.30"]
[Round "9.16"]
[White "Harmon Vellotti, Luke"]
[Black "Colas, Joshua"]
[Result "1-0"]
[WhiteElo "2400"]
[BlackElo "2239"]
[PlyCount "67"]
[EventDate "2013.12.??"]
[EventType "swiss"]
[EventRounds "9"]
[EventCountry "USA"]
[Source "MonRoi"]

1. e4 c5 2. Nf3 e6 3. d4 cxd4 4. Nxd4 a6 5. Bd3 Nf6 6. c4 Nc6 7. Be3 Be7 8. O-O
Qc7 9. Nc3 Ne5 10. Be2 h5 11. h3 d6 12. Rc1 Bd7 13. f4 Ng6 14. b4 Rc8 15. a3
Qb8 16. Qb3 h4 17. f5 exf5 18. Nxf5 Bxf5 19. Rxf5 O-O 20. Rcf1 Qc7 21. Rxf6
Bxf6 22. Nd5 Qd8 23. Rxf6 b5 24. Rf1 Qe8 25. cxb5 axb5 26. Nc3 Qe5 27. Nxb5 Qg3
28. Nd4 Qe5 29. Bd3 d5 30. Qxd5 Qxd5 31. exd5 Rc3 32. Bxg6 Rxe3 33. Nf5 Re5 34.
d6 1-0

[Event "North American Open"]
[Site "Las Vegas, NV"]
[Date "2013.12.30"]
[Round "9.18"]
[White "Wheeler, Cameron"]
[Black "Ni, Shiqun"]
[Result "1/2-1/2"]
[WhiteElo "2202"]
[BlackElo "2305"]
[PlyCount "50"]
[EventDate "2013.12.??"]
[EventType "swiss"]
[EventRounds "9"]
[EventCountry "USA"]
[Source "MonRoi"]

1. Nf3 Nf6 2. c4 g6 3. g3 Bg7 4. Bg2 c6 5. O-O O-O 6. d4 d5 7. Qb3 Qb6 8. Nc3
Rd8 9. Qxb6 axb6 10. cxd5 Nxd5 11. Bg5 Kf8 12. Bd2 Nxc3 13. Bxc3 b5 14. Rfd1
Bf5 15. a3 h6 16. Ne1 Be6 17. e4 Bb3 18. Rd2 b4 19. Bxb4 Rxd4 20. Rxd4 Bxd4 21.
Nf3 Bg7 22. Rc1 Na6 23. Bc3 Rd8 24. Bf1 Nc7 25. Bc4 Bxc4 1/2-1/2

[Event "North American Open"]
[Site "Las Vegas, NV"]
[Date "2013.12.30"]
[Round "9.20"]
[White "He, Tommy"]
[Black "Aaron, Deepak"]
[Result "0-1"]
[WhiteElo "2119"]
[BlackElo "2322"]
[PlyCount "70"]
[EventDate "2013.12.??"]
[EventType "swiss"]
[EventRounds "9"]
[EventCountry "USA"]
[Source "MonRoi"]

1. e4 e5 2. Nf3 Nc6 3. Bb5 a6 4. Ba4 Nf6 5. d3 b5 6. Bb3 Bc5 7. O-O O-O 8. c3
h6 9. Re1 d6 10. h3 Bb7 11. Nbd2 Re8 12. Nf1 d5 13. exd5 Na5 14. Bc2 b4 15. Ba4
Re7 16. a3 b3 17. Bxb3 Nxb3 18. Qxb3 Bxd5 19. Qd1 Qe8 20. Ne3 Bxe3 21. Bxe3 Rd8
22. Bc5 Re6 23. b4 Bb7 24. Qe2 Nd5 25. Qc2 Nf4 26. Re3 Qc6 27. Rae1 Rg6 28. g3
Nxh3+ 29. Kf1 Rf6 30. Be7 Rxf3 31. Rxf3 Qxf3 32. Bxd8 Qg2+ 33. Ke2 Qxf2+ 34.
Kd1 Bf3+ 35. Re2 Qf1+ 0-1